| 000 | 00506nam a2200217Ia 4500 | ||
|---|---|---|---|
| 008 | 210210b1938 xxu||||| |||| 00| 0 eng d | ||
| 041 | _aeng | ||
| 082 | _a821/285 | ||
| 100 | _aHARRISON (G B) Ed | ||
| 245 | _aBook of english poetry: Chaucer to Rossetti | ||
| 260 |
_aEngland _bPenguin Books _c1938 |
||
| 650 | _ato | ||
| 650 | _aRossetti | ||
| 650 | _apoetry: | ||
| 650 | _aof | ||
| 650 | _aenglish | ||
| 650 | _aChaucer | ||
| 650 | _aBook | ||
| 690 | _aEnglish Literature | ||
| 906 | _a011454 | ||
| 999 |
_c130131 _d130131 |
||